Normal view
MARC view
Entry Topical Term
001 - CONTROL NUMBER
- control field: 12272
003 - CONTROL NUMBER IDENTIFIER
- control field: BD-RjUL
005 - DATE AND TIME OF LATEST TRANSACTION
- control field: 20240313100830.0
008 - FIXED-LENGTH DATA ELEMENTS
- fixed length control field: 240313|| aca||aabn | a|a d
040 ## - CATALOGING SOURCE
- Original cataloging agency: BD-RjUL
- Transcribing agency: BD-RjUL
150 ## - HEADING--TOPICAL TERM
- Topical term or geographic name entry element: Poor People
- General subdivision: Survival Pattern
670 ## - SOURCE DATA FOUND
- Source citation: Work cat.: (BD-RjUL)83334: SADEQUE, MOHAMMED 12271, SURVIVAL PATTERN OF THE RURAL POOR : , 1987